Advenimiento de SS. MM. II Maximiliano y Carlota al trono de Mèxico (Record no. 3618)

MARC details
000 -CABECERA
campo de control de longitud fija 00910nam a2200229 a 4500
001 - NÚMERO DE CONTROL
campo de control BRCA_3890
005 - FECHA Y HORA DE LA ÚLTIMA TRANSACCIÓN
campo de control 20190320204449.0
008 - DATOS DE LONGITUD FIJA--INFORMACIÓN GENERAL
campo de control de longitud fija 291209s1864----mx-a######---#000-0#spa-#
041 ## - CÓDIGO DE LENGUA
Código de lengua del texto/banda sonora o título independiente spa
044 ## - CÓDIGO DEL PAÍS DE LA ENTIDAD EDITORA/PRODUCTORA
Código MARC del país mx
050 #4 - SIGNATURA TOPOGRÁFICA DE LA BIBLIOTECA DEL CONGRESO
Número de clasificación F1233.M3
Número de documento/Ítem .A38 1864
245 10 - MENCIÓN DE TÍTULO
Título Advenimiento de SS. MM. II Maximiliano y Carlota al trono de Mèxico
Resto del título Miramar a Veracruz y del recibimiento que se les hizo en este ùltimo puerto y en las Ciudades de Cordoba, Orizaba, Puebla y Mèxico
260 ## - PUBLICACIÓN, DISTRIBUCIÓN, ETC.
Lugar de publicación, distribución, etc. Mèxico
Nombre del editor, distribuidor, etc. Imp. de J. M. Andrade y F. Escalante
Fecha de publicación, distribución, etc. 1864
300 ## - DESCRIPCIÓN FÍSICA
Extensión 368 p.
Otras características físicas il.
Dimensiones 25 cm.
500 ## - NOTA GENERAL
Nota general Encuadernaciòn deteriorado
500 ## - NOTA GENERAL
Nota general Documentos relativos y narración del viaje de nuestros soberanos de Miramar a Veracruz
500 ## - NOTA GENERAL
Nota general C100
600 14 - PUNTO DE ACCESO ADICIONAL DE MATERIA--NOMBRE DE PERSONA
Nombre de persona Maximiliano
Títulos y otros términos asociados al nombre emperador de Mèxico
Fechas asociadas al nombre 1832-1867
9 (RLIN) 4582
651 #4 - PUNTO DE ACCESO ADICIONAL DE MATERIA--NOMBRE GEOGRÁFICO
Nombre geográfico Mèxico
Subdivisión general Historia
Subdivisión cronológica Intervenciòn francesa, 1861-1867
9 (RLIN) 10120
902 ## - CATALOGADOR
Iniciales GFM
942 ## - ELEMENTOS DE PUNTO DE ACCESO ADICIONAL (KOHA)
Fuente del sistema de clasificación o colocación Library of Congress Classification
Tipo de ítem Koha Libros
Holdings
Estado de retiro Estado de pérdida Estado dañado No para préstamo Localización permanente Ubicación/localización actual Fecha de adquisición Número de inventario Total de préstamos Signatura topográfica completa Código de barras Fecha visto por última vez Precio válido a partir de Tipo de ítem Koha
El ejemplar forma parte de la colección y puede ser consultado según las políticas vigentes.       Biblioteca del Museo Franz Mayer (Rogerio Casas-Alatriste) Biblioteca del Museo Franz Mayer (Rogerio Casas-Alatriste) 29/12/2009 C100   F1233.M3 .A38 1864 (C100) 3887 22/03/2019 22/03/2019 Libros